|
|
|
|
| LEADER |
00000cam a22000004a 4500 |
| 001 |
musev2_20459 |
| 003 |
MdBmJHUP |
| 005 |
20230905042203.0 |
| 006 |
m o d |
| 007 |
cr||||||||nn|n |
| 008 |
021122s2003 quc o 00 0 fre d |
| 020 |
|
|
|a 9782760517363
|
| 020 |
|
|
|z 9782760512153
|
| 035 |
|
|
|a (OCoLC)867796100
|
| 040 |
|
|
|a MdBmJHUP
|c MdBmJHUP
|
| 245 |
0 |
0 |
|a Crise d'identité professionnelle et professionnalisme /
|c sous la direction de Georges A. Legault ; [ont collabore à cet ouvrage, Marie-Paule Desaulniers and others].
|
| 264 |
|
1 |
|a Sainte-Foy [Que.] :
|b Presses de l'Universite du Quebec,
|c 2003.
|
| 264 |
|
3 |
|a Baltimore, Md. :
|b Project MUSE,
|c 2013
|
| 264 |
|
4 |
|c ©2003.
|
| 300 |
|
|
|a 1 online resource (247 pages):
|b illustrations.
|
| 336 |
|
|
|a text
|b txt
|2 rdacontent
|
| 337 |
|
|
|a computer
|b c
|2 rdamedia
|
| 338 |
|
|
|a online resource
|b cr
|2 rdacarrier
|
| 490 |
0 |
|
|a Collection Éthique ;
|v 9
|
| 588 |
|
|
|a Description based on print version record.
|
| 650 |
|
7 |
|a Trade associations.
|2 fast
|0 (OCoLC)fst01153802
|
| 650 |
|
7 |
|a Professional socialization.
|2 fast
|0 (OCoLC)fst01078526
|
| 650 |
|
7 |
|a Professional ethics.
|2 fast
|0 (OCoLC)fst01078521
|
| 650 |
|
7 |
|a PHILOSOPHY / Ethics & Moral Philosophy
|2 bisacsh
|
| 650 |
|
7 |
|a BUSINESS & ECONOMICS
|x Business Ethics.
|2 bisacsh
|
| 650 |
|
7 |
|a professional ethics.
|2 aat
|
| 650 |
|
6 |
|a Associations professionnelles
|z Quebec (Province)
|
| 650 |
|
6 |
|a Socialisation professionnelle.
|
| 650 |
|
6 |
|a Deontologie professionnelle.
|
| 650 |
|
2 |
|a Ethics, Professional
|
| 650 |
|
0 |
|a Trade associations
|z Quebec (Province)
|
| 650 |
|
0 |
|a Professional socialization.
|
| 650 |
|
0 |
|a Professional ethics.
|
| 651 |
|
7 |
|a Quebec.
|2 fast
|0 (OCoLC)fst01207316
|
| 655 |
|
6 |
|a Livres electroniques.
|
| 655 |
|
7 |
|a Electronic books.
|2 local
|
| 700 |
1 |
|
|a Desaulniers, Marie-Paule,
|d 1947-
|
| 700 |
1 |
|
|a Legault, Georges A.,
|d 1944-
|
| 710 |
2 |
|
|a Project Muse.
|e distributor
|
| 830 |
|
0 |
|a Book collections on Project MUSE.
|
| 856 |
4 |
0 |
|z Texto completo
|u https://projectmuse.uam.elogim.com/book/20459/
|
| 945 |
|
|
|a Project MUSE - Custom Collection
|
| 945 |
|
|
|a Project MUSE - Archive Complete Supplement
|